书目信息 |
| 书名: | An introduction to foreign language learning and teaching = | |
| 作者: | Keith Johnson著 ; 田贵森导读. | |
| 分册号: | ||
| 分册名: | 出版地: | 北京 : |
|
| 出版社: | 外语教学与研究出版社 | |
| 出版时间: | 2002. | |
| 页数: | 38, 345 p. : | |
| 开本: | 23 cm. | |
| 丛书名: | 当代国外语言学与应用语言学文库 | |
| 中图分类号: | ||
| 科图分类号: | ||
| 其他分类号: | H09 | |
| 主题词: | ||
| 电子资源: | ||
| 000 | 02368nam a2200925 a 4500 | |
| 001 | E0737718671 | |
| 003 | CAL | |
| 005 | 20070819102953.32 | |
| 008 | 021021r20022001cc a b 001 0 eng d | |
| 020 | @a7560026648 :@cCNY31.90. | |
| 040 | @aNUL@cNUL | |
| 050 | 4 | @aP51@b.J55 |
| 082 | 04 | @a418/.0071@221 |
| 090 | @aH09 | |
| 093 | @aH09@24 | |
| 094 | @a41.177@23 | |
| 099 | @dH09@ex35 | |
| 100 | 1 | @aJohnson, Keith,@d1944- |
| 245 | 13 | @aAn introduction to foreign language learning and teaching = :@b外语学习与教学导论 / @cKeith Johnson著 ; 田贵森导读. |
| 246 | 31 | @a外语学习与教学导论 |
| 260 | @a北京 :@b外语教学与研究出版社,@c2002. | |
| 300 | @a38, 345 p. :@bill. ;@c23 cm. | |
| 440 | 0 | @a当代国外语言学与应用语言学文库 |
| 500 | @aIncludes introduction. | |
| 504 | @aIncludes bibliographical references (p. 315-327) and index. | |
| 534 | @pReprint. Originally published:@cPearson Education Limited, c2001. | |
| 650 | 0 | @aLanguage acquisition. |
| 650 | 0 | @aLanguage and languages@xStudy and teaching. |
| 700 | 1 | @aTian, Guisen (田贵森) |
| 920 | @a244020@z1 | |
| 920 | @a231010@z1 | |
| 920 | @a242170@z2 | |
| 920 | @a232010@z2 | |
| 920 | @a212020@z1 | |
| 920 | @a244290@z1 | |
| 920 | @a243160@z1 | |
| 920 | @a242020@z1 | |
| 920 | @a211410@z1 | |
| 920 | @a214010@z2 | |
| 920 | @a242010@z1 | |
| 920 | @a211260@z1 | |
| 920 | @a211010@z1 | |
| 920 | @a211090@z1 | |
| 920 | @a235030@z1 | |
| 920 | @a231030@z2 | |
| 920 | @a243325@z1 | |
| 920 | @a211020@z1 | |
| 920 | @a211230@z1 | |
| 920 | @a237385@z2 | |
| 920 | @a237010@z2 | |
| 920 | @a244010@z1 | |
| 920 | @a211060@z1 | |
| 920 | @a231220@z2 | |
| 920 | @a243040@z1 | |
| 920 | @a235010@z2 | |
| 920 | @a211162@z1 | |
| 920 | @a246060@z0 | |
| 920 | @a211168@z2 | |
| 920 | @a246010@z1 | |
| 920 | @a222220@z1 | |
| 920 | @a211180@z2 | |
| 920 | @a236010@z2 | |
| 920 | @a241420@z2 | |
| 920 | @a241061@z1 | |
| 920 | @a221060@z1 | |
| 920 | @a221120@z1 | |
| 920 | @a222020@z2 | |
| 920 | @a251020@z1 | |
| 920 | @a245010@z1 | |
| 920 | @a244180@z2 | |
| 920 | @a211270@z1 | |
| 920 | @a223140@z1 | |
| 920 | @a221020@z1 | |
| 920 | @a211340@z1 | |
| 920 | @a246040@z1 | |
| 920 | @a242250@z2 | |
| 920 | @a237020@z1 | |
| 920 | @a231280@z2 | |
| 920 | @a262070@z1 | |
| 998 | @aNUL | |
| An introduction to foreign language learning and teaching = : : 外语学习与教学导论 / / Keith Johnson著 ; 田贵森导读.-北京 : : 外语教学与研究出版社, , 2002. |
| 38, 345 p. : : ill. ; ; 23 cm.- (当代国外语言学与应用语言学文库) |
| Includes introduction.-Includes bibliographical references (p. 315-327) and index. |
| ISBN 7560026648 :CNY31.90. |
| ● |
| 相关链接 |
|
|
|
|
正题名:introduction to foreign language learning and teaching =
索取号:H09/x35
 
预约/预借
| 序号 | 登录号 | 条形码 | 馆藏地/架位号 | 状态 | 备注 |
| 1 | 16963 | 300169635 | 第二样本阅览室/ [索取号:H09/x35] | 在馆 | |
| 2 | 16964 | 300169644 | 第四借阅区/ [索取号:H09/x35] | 在馆 | |
| 3 | 16965 | 300169653 | 第四借阅区/ [索取号:H09/x35] | 在馆 | |
| 4 | 16966 | 300169662 | 第四借阅区/ [索取号:H09/x35] | 在馆 | |
| 5 | 16967 | 300169671 | 第四借阅区/ [索取号:H09/x35] | 在馆 |